Efecto de las oscilaciones de potencia en las protecciones de líneas de transmisión

Gorde:
Xehetasun bibliografikoak
Egile nagusia: Murillo Rodríguez, Luis Pablo
Formatua: Liburua
Argitaratua: San José, C.R. 1998
Gaiak:
Etiketak: Etiketa erantsi
Etiketarik gabe, Izan zaitez lehena erregistro honi etiketa jartzen!

MARC

LEADER 00000nam a2200000Ia 4500
003 008649
005 20221231144219.0
008 140114s1998 cr a m 000 ||s d
040 |c cru CEDI 
090 |a TFG 3966 
100 |a Murillo Rodríguez, Luis Pablo  |9 8806 
245 |a Efecto de las oscilaciones de potencia en las protecciones de líneas de transmisión 
260 |c 1998  |a San José, C.R. 
300 |a  vii, 65 hojas : ilustraciones  
500 |a  Tesis (licenciatura en ingeniería eléctrica)--Universidad de Costa Rica. Facultad de Ingeniería. Escuela de Ingeniería Eléctrica 
650 |x SISTEMAS DE ENERGIA ELECTRICA - CONFIABILIDAD   |x OSCILACIONES   |x RELES ELECTRICOS  |9 8807 
942 |c TFG 
999 |c 18545  |d 18545